000 00746nam a2200145Ia 4500
008 151213s9999 xx 000 0 und d
020 _a894-809-021-5
100 _aUniversity Grant Commission
245 _aবাংলাদেশ বিশ্ববিদ্যালয় মন্ঞ্জুরী কমিশন বার্ষিক প্রতিবেদন-২০০৪
_bবাংলাদেশ বিশ্ববিদ্যালয় মন্ঞ্জুরী কমিশন বার্ষিক প্রতিবেদন-২০০৪
_cUniversity Grant Commission
260 _aDhaka
_bUniversity Grant Commission
_c2004
300 _a4638 p.
650 _aBangla
700 _aUniversity Grant Commission
999 _c2987
_d2987